Štátna pomoc ako významný pilier konkurenčnej politiky (analýza v podmiemkach EÚ a SR) diplomová práca

Gespeichert in:
Bibliographische Detailangaben
1. Verfasser: Ostatník, Stanislav
Körperschaft: Národohospodárska fakulta EU. Katedra hospodárskej politiky
Weitere Verfasser: Tokárová, Mária
Format: Buch
Sprache:Slowakisch
Veröffentlicht: Bratislava 2012
Tags: Tag hinzufügen
Keine Tags, Fügen Sie das erste Tag hinzu!

MARC

LEADER 00000nbm a2200000 4500
001 0160741
005 20161109102238.1
041 0 |a slo 
044 |a SK 
245 1 0 |a Štátna pomoc ako významný pilier konkurenčnej politiky (analýza v podmiemkach EÚ a SR)  |b diplomová práca  |c Stanislav Ostatník ; školiteľ: Mária Tokárová 
264 1 |a Bratislava  |c 2012 
300 |a 60 s. 
100 1 |a Ostatník, Stanislav 
700 1 |a Tokárová, Mária 
710 2 |a Národohospodárska fakulta EU. Katedra hospodárskej politiky